[Event "EYCC Open-U16 2019"]
[Site "Bratislava"]
[Date "2019.08.10"]
[Round "9.6"]
[White "Ceres, Dragos"]
[Black "Teclaf, Pawel"]
[Result "1/2-1/2"]
[WhiteElo "2266"]
[BlackElo "2454"]
[Annotator "ChessBase"]
[PlyCount "48"]
[EventDate "2019.08.02"]
[EventType "swiss"]
[EventCountry "SVK"]
[SourceTitle "playchess.com"]
[Source "ChessBase"]
[SourceQuality "1"]
[TimeControl "40/5400+30:1800+30"]

1. e4 {[%emt 0:00:00]} c5 {[%emt 0:00:00]} 2. Nf3 {[%emt 0:00:00]} d6 {[%emt 0:00:00]} 3. d4 {[%emt 0:00:00]} cxd4 {[%emt 0:00:00]} 4. Nxd4 {[%emt 0:00:00]} Nf6 {[%emt 0:00:00]} 5. Nc3 {[%emt 0:00:00]} a6 {[%emt 0:00:00]} 6. Be3 {[%emt 0:00:00]} e6 {[%emt 0:00:15]} 7. f3 {[%emt 0:00:18]} b5 {[%emt 0:02:06]} 8. g4 {[%emt 0:00:20]} h6 {[%emt 0:02:48]} 9. Qd2 {[%emt 0:00:13]} Nbd7 {[%emt 0:02:36]} 10. O-O-O {[%emt 0:01:52]} Bb7 {[%emt 0:01:09]} 11. h4 {[%emt 0:00:10]} b4 {[%emt 0:01:48]} 12. Na4 {[%emt 0:00:21]} Qa5 {[%emt 0:00:17]} 13. b3 {[%emt 0:00:05]} Nc5 {[%emt 0:00:17]} 14. a3 {[%emt 0:00:06]} Nxa4 {[%emt 0:00:03]} 15. axb4 {[%emt 0:00:02]} Qc7 {[%emt 0:00:07]} 16. bxa4 {[%emt 0:00:04]} Nd7 {[%emt 0:00:01]} 17. Rh3 {[%emt 0:11:10]} Ne5 {[%emt 0:27:42]} 18. Nb3 {[%emt 0:13:04]} Rc8 {[%emt 0:09:21]} 19. Bd4 {[%emt 0:19:13]} Nc6 {[%emt 0:20:25]} 20. c4 {[%emt 0:15:05]} Nxd4 {[%emt 0:02:32]} 21. Qxd4 {[%emt 0:00:20]} Bc6 {[%emt 0:03:26]} 22. Kb2 {[%emt 0:09:42]} Bxa4 {[%emt 0:00:56]} 23. Ra1 {[%emt 0:00:07]} Bxb3 {[%emt 0:06:31]} 24. Kxb3 {[%emt 0:01:26]} Qb7 {[%emt 0:01:13]} 1/2-1/2

[Event "EYCC Open-U16 2019"]
[Site "Bratislava"]
[Date "2019.08.10"]
[Round "9.7"]
[White "Remizov, Yaroslav"]
[Black "Mis, Mieszko"]
[Result "1-0"]
[WhiteElo "2357"]
[BlackElo "2284"]
[Annotator "NA"]
[PlyCount "55"]
[EventDate "2019.08.02"]
[EventType "swiss"]
[EventCountry "SVK"]
[SourceTitle "playchess.com"]
[Source "ChessBase"]
[SourceQuality "1"]
[TimeControl "40/5400+30:1800+30"]

1. e4 {[%emt 0:00:00]} c5 {[%emt 0:00:00]} 2. Nf3 {[%emt 0:00:00]} e6 {[%emt 0:00:15]} 3. d4 {[%emt 0:00:00]} cxd4 {[%emt 0:00:07]} 4. Nxd4 {[%emt 0:00:00]} Nc6 {[%emt 0:00:21]} 5. Nc3 {[%emt 0:00:13]} Qc7 {[%emt 0:00:25]} 6. Be2 {[%emt 0:00:24]} a6 {[%emt 0:00:20]} 7. O-O {[%emt 0:00:34]} Nf6 {[%emt 0:01:03]} 8. Be3 {[%emt 0:00:31]} Be7 {[%emt 0:00:35]} 9. f4 {[%emt 0:01:18]} d6 {[%emt 0:00:29]} 10. Qe1 {[%emt 0:01:20]} O-O {[%emt 0:01:19]} 11. Kh1 {[%emt 0:01:55]} Nxd4 {[%emt 0:00:19]} 12. Bxd4 {[%emt 0:00:06]} b5 {[%emt 0:00:47]} 13. a3 {[%emt 0:03:47]} Bb7 {[%emt 0:01:06]} 14. Qg3 {[%emt 0:01:09]} Rad8 {[%emt 0:02:02]} 15. Bd3 {[%emt 0:07:59]} Rd7 {[%emt 0:03:35]} 16. Rae1 {[%emt 0:06:21]} Re8 {[%emt 0:01:35]} 17. Nd1 {[%emt 0:15:47]} Bd8 {[%emt 0:15:46]} 18. Ne3 {[%emt 0:13:53]} e5 {[%emt 0:15:44]} 19. Nf5 {[%emt 0:01:59]} Nh5 {[%emt 0:05:15]} 20. Qg4 {[%emt 0:10:48]} exd4 {[%emt 0:01:13]} 21. Qxh5 {[%emt 0:02:44]} g6 {[%emt 0:03:09]} 22. Nh6+ {[%emt 0:03:11]} Kg7 {[%emt 0:10:42]} 23. Qh3 {[%emt 0:00:36]} Rde7 {[%emt 0:01:30]} 24. f5 {[%emt 0:06:49]} Rxe4 {[%emt 0:05:14]} 25. fxg6 {[%emt 0:06:55]} Bc8 {[%emt 0:06:42]} 26. Nf5+ {[%emt 0:01:12]} Bxf5 {[%emt 0:01:23]} 27. Qxh7+ {[%emt 0:00:05]} Kf6 {[%emt 0:02:36]} 28. gxf7 {[%emt 0:01:47]} 1-0

[Event "EYCC Open-U16 2019"]
[Site "Bratislava"]
[Date "2019.08.10"]
[Round "9.8"]
[White "Dudin, Gleb"]
[Black "Haring, Filip"]
[Result "1/2-1/2"]
[WhiteElo "2283"]
[BlackElo "2334"]
[Annotator "TA"]
[PlyCount "106"]
[EventDate "2019.08.02"]
[EventType "swiss"]
[EventCountry "SVK"]
[SourceTitle "playchess.com"]
[Source "ChessBase"]
[SourceQuality "1"]

{[%evp 11,106,0,12,-3,-8,-26,-6,-7,19,0,13,21,66,31,30,48,139,77,148,137,160,109,180,178,231,191,197,192,201,183,213,187,185,171,195,193,267,195,190,187,242,183,315,218,270,248,236,209,300,266,427,443,479,476,472,482,489,324,510,87,82,80,264,9,11,14,12,17,22,12,48,4,4,5,4,4,4,0,0,0,0,0,0,0,0,0,0,0,0,0,0,0,0,0,0,0,0]} 1. d4 Nf6 2. c4 e6 3. Nc3 Bb4 4. e3 O-O 5. Bd3 d5 6. cxd5 exd5 7. Bd2 {E48: Nimzo-Indian: Rubinstein: 5 Bd3 d5 including 6 Ne2, but excluding 6 a3} (7. Nge2 Re8 8. O-O Bd6 9. Bd2 Nbd7 10. Rc1 a6 11. Ng3 Nf8 12. Nce2 Ne4 13. Be1 c6 14. a4 Nxg3 15. Nxg3 a5 16. Qb3 g6 {½-½ (50) Yu,Y (2765)-Leko,P (2690) Porto Carras 2018}) 7... Re8 8. Nf3 Nbd7 9. O-O Nf8 $146 ({Predecessor:} 9... c6 10. Qc2 Bd6 11. h3 Qe7 12. Be1 Ne4 13. Nd2 Ndf6 14. Ndxe4 dxe4 {½-½ (44) Pusec,P (1915)-Mandak,M (1976) Slovakia 2018}) 10. Rc1 Ne6 11. Be1 a6 12. Bb1 g6 13. Ne5 c5 (13... Ng7 $14) 14. a3 (14. f4 $142 $1) 14... Ba5 (14... Bxc3 $142 15. Bxc3 cxd4 16. exd4 Bd7) 15. dxc5 $1 $16 d4 {[#]} 16. exd4 ({Better is} 16. Ne4 $1 Bxe1 17. Nd6 (17. Rxe1 Nxe4 18. Bxe4 dxe3 $16)) 16... Nxd4 (16... Qxd4 $16 17. Nc4 Bc7) 17. f4 $18 {Hoping for Bh4.} Nh5 (17... Nf5 $142 18. Ne4 Nxe4) 18. Bf2 Bxc3 19. bxc3 Nc6 20. Bd4 {Nxf7! is the strong threat.} Ng7 21. Nxc6 bxc6 22. Qf3 Be6 23. Qxc6 Qh4 (23... Bc4 {was worth a try.}) 24. Qf3 Bc4 25. g3 Qh3 (25... Qe7 $142 26. Bd3 Bxd3 27. Qxd3 Ne6) 26. Bd3 Be6 (26... Bxd3 {was called for.} 27. Qxd3 h5) 27. Qg2 Qh5 28. Rfe1 Bd5 29. Qf2 Nf5 (29... Bc6 $142) 30. Bf1 Reb8 $2 (30... Ng7 {might work better.} 31. Be5 Ne6) 31. Bg2 Bxg2 32. Qxg2 Qg4 33. c6 Rc8 {[#]} 34. c7 $1 h5 (34... Nxd4 $142 35. cxd4 Qd7) (34... Rxc7 35. Qxa8+) 35. Rb1 $2 (35. Be5 $18) 35... Nxd4 $16 36. cxd4 Qd7 $2 {[#]} (36... Ra7 $16) 37. Qxa8 $2 ({White has to play} 37. Qb7 $1 $18 {Threatens to win with d5.} Kg7 38. Rbc1 Qxd4+ 39. Kh1) 37... Rxa8 $11 ({But not} 37... Qxd4+ $2 38. Kh1 $18) 38. Rb8+ {[%mdl 64] Double Attack} Kg7 39. c8=Q Qxc8 40. Rxc8 Rxc8 {[%mdl 4096] Endgame KR-KR} 41. Re5 Rc4 {The position is equal.} 42. Ra5 Rxd4 43. Rxa6 Rd2 44. h4 Ra2 45. a4 Ra3 46. Kf2 Ra2+ 47. Kf3 Ra3+ 48. Kg2 Ra2+ 49. Kh3 Kh7 50. Ra5 f5 51. Ra7+ Kh8 52. a5 Kg8 53. Ra8+ Kh7 {Accuracy: White = 43%, Black = 39%.} 1/2-1/2

[Event "EYCC Open-U16 2019"]
[Site "Bratislava"]
[Date "2019.08.10"]
[Round "9.9"]
[White "Horvath, Dominik"]
[Black "Svanda, Ondrej"]
[Result "1/2-1/2"]
[WhiteElo "2424"]
[BlackElo "2234"]
[Annotator "TA"]
[PlyCount "89"]
[EventDate "2019.08.02"]
[EventType "swiss"]
[EventCountry "SVK"]
[SourceTitle "playchess.com"]
[Source "ChessBase"]
[SourceQuality "1"]

{[%evp 9,89,7,22,31,22,24,26,25,50,38,79,37,46,41,60,28,27,22,28,28,45,31,50,20,19,29,33,31,46,38,39,29,27,6,50,13,52,33,51,29,54,12,0,-22,-12,-10,23,23,46,44,46,50,86,93,243,237,241,44,70,59,66,0,0,0,0,0,0,0,0,0,2,2,12,0,0,0,0,0,0,0,0,0]} 1. d4 Nf6 2. Nc3 d5 3. Bf4 Bf5 ({Predecessor:} 3... c6 4. e3 {0-1 (43) Buksa,N (2410)-Drozdova,D (2178) St Petersburg 2018}) 4. e3 c6 5. f3 $146 (5. Nf3 h6 6. Ne5 Nbd7 7. g4 Bh7 8. h4 Nxe5 9. dxe5 Ne4 10. Nxe4 Bxe4 11. f3 Bh7 12. e6 {1-0 (57) Bortnyk,O (2610)-Dreev,A (2653) Riadh 2017}) 5... e6 6. g4 {D00: 1 d4 d5: Unusual lines} Bg6 7. h4 h5 8. g5 {White has an edge.} Ng8 9. Bd3 (9. Qd2 {keeps more tension.} b5 10. Nce2 b4 11. Bg3 Bd6 12. Nh3) 9... Ne7 10. Nge2 Bxd3 11. Qxd3 Ng6 12. Bg3 (12. e4 {seems wilder.} Nd7 13. O-O-O Nb6 14. Kb1 Nc4 15. Bc1) 12... Bd6 13. O-O-O Bxg3 14. Nxg3 Qc7 15. Nce2 Ne7 16. e4 Nd7 17. c4 dxc4 18. Qxc4 O-O-O 19. Kb1 Kb8 20. f4 Nb6 21. Qc2 Rc8 (21... f5 $5) 22. Qc5 Na4 23. Qa3 Nb6 24. Rc1 f5 25. gxf6 (25. d5 $5 exd5 26. exf5 $11) 25... gxf6 26. Qf3 f5 27. e5 Nbd5 28. Nxh5 Ng6 29. Rcg1 Qf7 30. Rg5 Rh6 {[#]} 31. Nc3 $1 Rch8 (31... Nde7 $16) 32. Nxd5 $18 cxd5 {[#]} 33. Qe2 $2 ({White must play} 33. Nf6 $1 $18 {Hoping for h5.} Rxh4 34. Rhg1 Rxf4 35. Qe2) 33... a6 34. a3 Ka7 {aiming for ...Rxh5!} 35. Rhg1 (35. Qd1 $14) 35... Rxh5 $1 $11 {The position is equal.} 36. Rxg6 (36. Rxh5 $2 {loses.} Nxf4 37. Qxa6+ Kxa6 $19) 36... Rxh4 37. Rg7 Qe8 38. Qc2 Qb5 $1 39. R1g3 {Rb3 is the strong threat.} Rh1+ ({Not} 39... Rxf4 $2 40. Rb3 $18) 40. Ka2 {Black must now prevent Rb3.} R1h3 41. R3g6 Rh2 42. Qc5+ Qxc5 43. dxc5 Rc8 44. Rxe6 {And now Ree7! would win.} Rxc5 45. Rg3 {Accuracy: White = 54%, Black = 52%.} 1/2-1/2

[Event "EYCC Open-U16 2019"]
[Site "Bratislava"]
[Date "2019.08.10"]
[Round "9.10"]
[White "Geher, Koppany"]
[Black "Kacharava, Nikolozi"]
[Result "0-1"]
[WhiteElo "2211"]
[BlackElo "2431"]
[Annotator "RC"]
[PlyCount "92"]
[EventDate "2019.08.02"]
[EventType "swiss"]
[EventCountry "SVK"]
[SourceTitle "playchess.com"]
[Source "ChessBase"]
[SourceQuality "1"]
[TimeControl "40/5400+30:1800+30"]

1. e4 {[%emt 0:00:00]} d6 {[%emt 0:00:00]} 2. d4 {[%emt 0:00:00]} Nf6 {[%emt 0:00:28]} 3. Nc3 {[%emt 0:00:00]} e5 {[%emt 0:00:28]} 4. Nf3 {[%emt 0:00:00]} Nbd7 {[%emt 0:00:29]} 5. Rg1 {[%emt 0:00:02]} g6 {[%emt 0:01:12]} 6. g4 {[%emt 0:00:10]} Bg7 {[%emt 0:00:42]} 7. g5 {[%emt 0:00:36]} Nh5 {[%emt 0:00:26]} 8. Be3 {[%emt 0:00:16]} c6 {[%emt 0:02:24]} 9. Qd2 {[%emt 0:02:31]} Qc7 {[%emt 0:07:21]} 10. O-O-O {[%emt 0:03:33]} b5 {[%emt 0:05:06]} 11. d5 {[%emt 0:18:26]} b4 {[%emt 0:01:50]} 12. dxc6 {[%emt 0:06:46]} bxc3 {[%emt 0:00:44]} 13. cxd7+ {[%emt 0:00:07]} Bxd7 {[%emt 0:01:11]} 14. Qxd6 {[%emt 0:24:44]} cxb2+ {[%emt 0:18:45]} 15. Kb1 {[%emt 0:00:15]} Qxd6 {[%emt 0:01:55]} 16. Rxd6 {[%emt 0:00:02]} Nf4 {[%emt 0:11:22]} 17. Ba6 {[%emt 0:09:14]} Ba4 {[%emt 0:12:13]} 18. Rgd1 {[%emt 0:15:33]} O-O {[%emt 0:01:45]} 19. Bc4 {[%emt 0:00:44]} Rfc8 {[%emt 0:06:21]} 20. Bb3 {[%emt 0:00:13]} Ne2 {[%emt 0:06:07]} 21. Bd2 {[%emt 0:09:33]} Bf8 {[%emt 0:04:25]} 22. Rf6 {[%emt 0:02:26]} Bxb3 {[%emt 0:01:43]} 23. axb3 {[%emt 0:00:01]} a5 {[%emt 0:02:20]} 24. Re1 {[%emt 0:01:07]} Nc3+ {[%emt 0:02:29]} 25. Bxc3 {[%emt 0:04:24]} Rxc3 {[%emt 0:00:05]} 26. Re3 {[%emt 0:01:34]} Rc7 {[%emt 0:01:30]} 27. Kxb2 {[%emt 0:00:22]} a4 {[%emt 0:01:27]} 28. bxa4 {[%emt 0:00:10]} Rxa4 {[%emt 0:00:20]} 29. Nd2 {[%emt 0:00:41]} Be7 {[%emt 0:01:11]} 30. Rb6 {[%emt 0:00:53]} Bxg5 {[%emt 0:00:57]} 31. Rd3 {[%emt 0:00:01]} Bxd2 {[%emt 0:00:58]} 32. Rxd2 {[%emt 0:00:01]} Rxe4 {[%emt 0:00:08]} 33. f3 {[%emt 0:00:34]} Rf4 {[%emt 0:01:09]} 34. Rb3 {[%emt 0:00:09]} Kg7 {[%emt 0:00:38]} 35. Re3 {[%emt 0:00:17]} f6 {[%emt 0:00:53]} 36. c3 {[%emt 0:00:20]} g5 {[%emt 0:01:15]} 37. Rc2 {[%emt 0:00:06]} h5 {[%emt 0:00:49]} 38. Kb3 {[%emt 0:00:25]} Rb7+ {[%emt 0:01:52]} 39. Ka3 {[%emt 0:00:11]} Rc7 {[%emt 0:00:29]} 40. Kb3 {[%emt 0:00:00]} Rb7+ {[%emt 0:00:00]} 41. Ka3 {[%emt 0:00:15]} g4 {[%emt 0:08:08]} 42. fxg4 {[%emt 0:01:05]} hxg4 {[%emt 0:03:38]} 43. Rg3 {[%emt 0:00:58]} f5 {[%emt 0:01:16]} 44. h3 {[%emt 0:01:07]} Rf3 {[%emt 0:04:06]} 45. Rcg2 {[%emt 0:00:10]} Rxg3 {[%emt 0:01:34]} 46. Rxg3 {[%emt 0:00:07]} Kg6 {[%emt 0:00:59]} 0-1

[Event "EYCC Open-U16 2019"]
[Site "Bratislava"]
[Date "2019.08.10"]
[Round "9.11"]
[White "Olsen, Filip Boe"]
[Black "Alonso Garcia, Aaron"]
[Result "1-0"]
[WhiteElo "2383"]
[BlackElo "2248"]
[Annotator "NA"]
[PlyCount "90"]
[EventDate "2019.08.02"]
[EventType "swiss"]
[EventCountry "SVK"]
[SourceTitle "playchess.com"]
[Source "ChessBase"]
[SourceQuality "1"]
[TimeControl "40/5400+30:1800+30"]

1. d4 {[%emt 0:00:00]} Nf6 {[%emt 0:00:00]} 2. c4 {[%emt 0:00:00]} e6 {[%emt 0:00:05]} 3. Nf3 {[%emt 0:00:00]} Bb4+ {[%emt 0:01:41]} 4. Bd2 {[%emt 0:00:11]} Qe7 {[%emt 0:00:04]} 5. g3 {[%emt 0:01:01]} Nc6 {[%emt 0:00:06]} 6. Nc3 {[%emt 0:00:43]} O-O {[%emt 0:02:27]} 7. Bg2 {[%emt 0:00:16]} Bxc3 {[%emt 0:02:19]} 8. Bxc3 {[%emt 0:00:18]} Ne4 {[%emt 0:00:04]} 9. Rc1 {[%emt 0:00:29]} d6 {[%emt 0:00:22]} 10. d5 {[%emt 0:01:20]} Nxc3 {[%emt 0:07:28]} 11. Rxc3 {[%emt 0:00:03]} Nd8 {[%emt 0:03:31]} 12. O-O {[%emt 0:03:42]} e5 {[%emt 0:01:50]} 13. b4 {[%emt 0:05:57]} f5 {[%emt 0:07:00]} 14. e4 {[%emt 0:04:33]} Nf7 {[%emt 0:13:22]} 15. c5 {[%emt 0:09:10]} g6 {[%emt 0:10:17]} 16. Qe2 {[%emt 0:05:37]} Re8 {[%emt 0:11:30]} 17. Rfc1 {[%emt 0:01:40]} Bd7 {[%emt 0:00:16]} 18. Nd2 {[%emt 0:07:40]} Rec8 {[%emt 0:07:33]} 19. Nb3 {[%emt 0:02:08]} Nd8 {[%emt 0:04:11]} 20. exf5 {[%emt 0:03:19]} Bxf5 {[%emt 0:01:15]} 21. f4 {[%emt 0:02:15]} Nf7 {[%emt 0:02:14]} 22. Nd4 {[%emt 0:08:09]} Bd7 {[%emt 0:00:30]} 23. Ne6 {[%emt 0:04:12]} c6 {[%emt 0:02:34]} 24. cxd6 {[%emt 0:06:41]} Qxd6 {[%emt 0:00:34]} 25. fxe5 {[%emt 0:01:31]} Nxe5 {[%emt 0:04:29]} 26. Re3 {[%emt 0:04:31]} Nf7 {[%emt 0:01:47]} 27. Qb2 {[%emt 0:02:16]} Bxe6 {[%emt 0:02:43]} 28. dxe6 {[%emt 0:03:30]} Nh6 {[%emt 0:00:27]} 29. Bh3 {[%emt 0:03:52]} Re8 {[%emt 0:01:32]} 30. Qb3 {[%emt 0:05:34]} Qe7 {[%emt 0:03:36]} 31. Rd1 {[%emt 0:00:50]} Qf6 {[%emt 0:03:10]} 32. Rd7 {[%emt 0:02:21]} Re7 {[%emt 0:00:03]} 33. Rf3 {[%emt 0:01:31]} Qg5 {[%emt 0:00:54]} 34. Qc3 {[%emt 0:03:14]} Rae8 {[%emt 0:00:59]} 35. Rfd3 {[%emt 0:01:20]} Nf5 {[%emt 0:01:04]} 36. Bxf5 {[%emt 0:01:23]} gxf5 {[%emt 0:00:13]} 37. h4 {[%emt 0:02:13]} Qg6 {[%emt 0:02:20]} 38. Rxe7 {[%emt 0:01:57]} Rxe7 {[%emt 0:00:01]} 39. Rd8+ {[%emt 0:00:21]} Re8 {[%emt 0:00:00]} 40. h5 {[%emt 0:00:00]} Qxe6 {[%emt 0:00:00]} 41. h6 {[%emt 0:04:02]} Qxh6 {[%emt 0:06:36]} 42. Rxe8+ {[%emt 0:00:34]} Kf7 {[%emt 0:00:01]} 43. Rb8 {[%emt 0:00:54]} Qd6 {[%emt 0:01:18]} 44. Rxb7+ {[%emt 0:00:06]} Ke6 {[%emt 0:00:03]} 45. Qe3+ {[%emt 0:00:17]} Kd5 1-0

[Event "EYCC Open-U16 2019"]
[Site "Bratislava"]
[Date "2019.08.10"]
[Round "9.12"]
[White "Stoyanov, Tsvetan"]
[Black "Timoshin, Andrei"]
[Result "1/2-1/2"]
[WhiteElo "2387"]
[BlackElo "2154"]
[Annotator "NA"]
[PlyCount "134"]
[EventDate "2019.08.02"]
[EventType "swiss"]
[EventCountry "SVK"]
[SourceTitle "playchess.com"]
[Source "ChessBase"]
[SourceQuality "1"]
[TimeControl "40/5400+30:1800+30"]

1. e4 {[%emt 0:00:00]} c5 {[%emt 0:00:00]} 2. Nc3 {[%emt 0:00:20]} Nc6 {[%emt 0:02:12]} 3. Nge2 {[%emt 0:00:20]} Nf6 {[%emt 0:01:09]} 4. g3 {[%emt 0:00:50]} e6 {[%emt 0:09:00]} 5. Bg2 {[%emt 0:01:29]} d5 {[%emt 0:00:32]} 6. exd5 {[%emt 0:04:25]} exd5 {[%emt 0:00:02]} 7. d4 {[%emt 0:01:05]} cxd4 {[%emt 0:04:10]} 8. Nxd4 {[%emt 0:00:14]} Bc5 {[%emt 0:00:34]} 9. Qe2+ {[%emt 0:03:06]} Be7 {[%emt 0:12:45]} 10. Be3 {[%emt 0:07:59]} O-O {[%emt 0:01:19]} 11. O-O-O {[%emt 0:14:26]} a6 {[%emt 0:03:13]} 12. Nb3 {[%emt 0:06:03]} Be6 {[%emt 0:10:48]} 13. Nc5 {[%emt 0:05:20]} Bxc5 {[%emt 0:03:52]} 14. Bxc5 {[%emt 0:01:35]} Re8 {[%emt 0:00:03]} 15. Qd2 {[%emt 0:05:05]} Qa5 {[%emt 0:03:57]} 16. Bd4 {[%emt 0:02:18]} Nxd4 {[%emt 0:01:42]} 17. Qxd4 {[%emt 0:00:01]} b5 {[%emt 0:03:42]} 18. Rhe1 {[%emt 0:06:52]} Red8 {[%emt 0:15:19]} 19. a3 {[%emt 0:01:11]} Rac8 {[%emt 0:01:49]} 20. Bf1 {[%emt 0:02:07]} Rb8 {[%emt 0:03:31]} 21. Na2 {[%emt 0:05:42]} Bg4 {[%emt 0:06:59]} 22. Be2 {[%emt 0:00:01]} Re8 {[%emt 0:00:37]} 23. Nc3 {[%emt 0:07:34]} b4 {[%emt 0:00:48]} 24. axb4 {[%emt 0:04:34]} Rxb4 {[%emt 0:01:17]} 25. Qd3 {[%emt 0:02:56]} Bxe2 {[%emt 0:07:34]} 26. Rxe2 {[%emt 0:00:02]} Rxe2 {[%emt 0:01:22]} 27. Qxe2 {[%emt 0:01:38]} Qa1+ {[%emt 0:00:45]} 28. Kd2 {[%emt 0:00:01]} Qxb2 {[%emt 0:00:20]} 29. Nxd5 {[%emt 0:01:48]} Rb8 {[%emt 0:04:36]} 30. Nxf6+ {[%emt 0:01:31]} Qxf6 {[%emt 0:00:24]} 31. Ke1 {[%emt 0:00:12]} Qc6 {[%emt 0:00:20]} 32. Rd3 {[%emt 0:03:48]} Qh1+ {[%emt 0:00:39]} 33. Kd2 {[%emt 0:00:19]} Qxh2 {[%emt 0:00:24]} 34. Qe3 {[%emt 0:07:51]} Qh5 {[%emt 0:00:27]} 35. Qe7 {[%emt 0:00:48]} Qa5+ {[%emt 0:00:38]} 36. Ke2 {[%emt 0:00:19]} Qb5 {[%emt 0:00:36]} 37. Kd1 {[%emt 0:01:22]} h6 {[%emt 0:00:31]} 38. Rd8+ {[%emt 0:02:34]} Rxd8+ 39. Qxd8+ {[%emt 0:00:01]} Kh7 {[%emt 0:00:02]} 40. Qd4 {[%emt 0:00:00]} a5 {[%emt 0:00:00]} 41. Kc1 {[%emt 0:07:08]} a4 {[%emt 0:02:33]} 42. c4 {[%emt 0:02:13]} Qb4 {[%emt 0:03:25]} 43. Qd5 {[%emt 0:01:21]} Qc3+ {[%emt 0:12:28]} 44. Kb1 {[%emt 0:00:12]} Qb3+ {[%emt 0:00:18]} 45. Kc1 {[%emt 0:01:12]} Qc3+ {[%emt 0:09:36]} 46. Kb1 {[%emt 0:00:02]} Qf6 {[%emt 0:00:15]} 47. Ka2 {[%emt 0:03:34]} g6 {[%emt 0:01:50]} 48. c5 {[%emt 0:01:10]} Kg7 {[%emt 0:02:41]} 49. f4 {[%emt 0:00:25]} Qc3 {[%emt 0:01:42]} 50. c6 {[%emt 0:00:46]} Kf6 {[%emt 0:00:44]} 51. Qd6+ {[%emt 0:08:48]} Kf5 {[%emt 0:00:03]} 52. Qd7+ {[%emt 0:01:01]} Ke4 {[%emt 0:00:25]} 53. Qe7+ {[%emt 0:01:24]} Kd5 {[%emt 0:00:59]} 54. Qxf7+ {[%emt 0:02:39]} Kc5 {[%emt 0:01:18]} 55. Qf8+ {[%emt 0:02:56]} Kb5 {[%emt 0:00:39]} 56. Qb8+ {[%emt 0:00:29]} Ka6 {[%emt 0:00:34]} 57. c7 {[%emt 0:01:43]} Qc2+ {[%emt 0:00:22]} 58. Ka3 {[%emt 0:00:24]} Qc3+ {[%emt 0:00:20]} 59. Kxa4 {[%emt 0:00:10]} Qc4+ {[%emt 0:00:15]} 60. Ka3 {[%emt 0:00:01]} Qc3+ {[%emt 0:00:20]} 61. Ka2 {[%emt 0:00:22]} Qc2+ {[%emt 0:00:06]} 62. Ka1 {[%emt 0:00:16]} Qc1+ {[%emt 0:00:11]} 63. Qb1 {[%emt 0:00:08]} Qc3+ {[%emt 0:00:36]} 64. Ka2 {[%emt 0:00:52]} Qa5+ {[%emt 0:00:32]} 65. Kb2 {[%emt 0:01:00]} Qb6+ {[%emt 0:00:53]} 66. Ka1 {[%emt 0:00:07]} Qxb1+ {[%emt 0:00:15]} 67. Kxb1 {[%emt 0:00:01]} Kb7 {[%emt 0:00:03]} 1/2-1/2

[Event "EYCC Open-U16 2019"]
[Site "Bratislava"]
[Date "2019.08.10"]
[Round "9.13"]
[White "Ongut, Tamas Gunes"]
[Black "Veiga, Jose Francisco R P N"]
[Result "0-1"]
[WhiteElo "2158"]
[BlackElo "2357"]
[Annotator "NA"]
[PlyCount "82"]
[EventDate "2019.08.02"]
[EventType "swiss"]
[EventCountry "SVK"]
[SourceTitle "playchess.com"]
[Source "ChessBase"]
[SourceQuality "1"]
[TimeControl "40/5400+30:1800+30"]

1. e4 {[%emt 0:00:00]} c5 {[%emt 0:00:00]} 2. Nf3 {[%emt 0:00:00]} b6 {[%emt 0:00:23]} 3. g3 {[%emt 0:01:56]} Bb7 {[%emt 0:01:07]} 4. Nc3 {[%emt 0:00:16]} Nf6 {[%emt 0:02:14]} 5. Qe2 {[%emt 0:00:36]} d6 {[%emt 0:01:55]} 6. Bg2 {[%emt 0:01:32]} e6 {[%emt 0:00:22]} 7. O-O {[%emt 0:05:05]} a6 {[%emt 0:00:18]} 8. d4 {[%emt 0:01:38]} cxd4 {[%emt 0:00:29]} 9. Nxd4 {[%emt 0:00:06]} Qc7 {[%emt 0:01:21]} 10. a4 {[%emt 0:09:47]} Be7 {[%emt 0:00:23]} 11. Rd1 {[%emt 0:06:10]} Nbd7 {[%emt 0:01:04]} 12. h3 {[%emt 0:00:38]} Rc8 {[%emt 0:03:27]} 13. g4 {[%emt 0:07:22]} g6 {[%emt 0:09:35]} 14. Bh6 {[%emt 0:08:09]} Ne5 {[%emt 0:10:19]} 15. f4 {[%emt 0:08:30]} Nc4 {[%emt 0:00:12]} 16. Rab1 {[%emt 0:19:14]} e5 {[%emt 0:05:08]} 17. fxe5 {[%emt 0:04:51]} dxe5 {[%emt 0:00:18]} 18. g5 {[%emt 0:05:47]} Nh5 {[%emt 0:01:44]} 19. Nf5 {[%emt 0:01:19]} Bc5+ 20. Kh2 {[%emt 0:01:02]} Nf4 {[%emt 0:03:10]} 21. Qxc4 gxf5 22. Qf1 {[%emt 0:05:17]} Nxg2 {[%emt 0:03:05]} 23. Qxg2 {[%emt 0:00:23]} Bd4 {[%emt 0:00:51]} 24. Qe2 {[%emt 0:06:15]} Rg8 {[%emt 0:01:52]} 25. Rd3 {[%emt 0:01:23]} fxe4 {[%emt 0:00:44]} 26. Rg3 {[%emt 0:00:38]} e3 {[%emt 0:01:09]} 27. g6 {[%emt 0:02:55]} Rxg6 28. Rxg6 {[%emt 0:00:07]} hxg6 {[%emt 0:01:07]} 29. Bxe3 {[%emt 0:00:07]} Kf8 {[%emt 0:00:29]} 30. Re1 {[%emt 0:02:23]} Qc6 {[%emt 0:01:20]} 31. Bxd4 {[%emt 0:00:29]} exd4 {[%emt 0:00:02]} 32. Qe7+ {[%emt 0:00:56]} Kg8 {[%emt 0:00:10]} 33. Ne4 {[%emt 0:00:06]} Qxc2+ {[%emt 0:00:19]} 34. Kg3 {[%emt 0:00:10]} Bxe4 {[%emt 0:00:26]} 35. Rxe4 {[%emt 0:00:46]} Qxb2 {[%emt 0:00:52]} 36. Qf6 {[%emt 0:00:13]} Qd2 37. Rf4 {[%emt 0:01:37]} Qe1+ {[%emt 0:03:50]} 38. Kg4 {[%emt 0:00:22]} Qe2+ {[%emt 0:00:48]} 39. Rf3 {[%emt 0:00:30]} Qe6+ {[%emt 0:00:30]} 40. Qxe6 {[%emt 0:00:00]} fxe6 {[%emt 0:00:00]} 41. Kg5 {[%emt 0:00:20]} Kg7 {[%emt 0:02:16]} 0-1